| 000 | 01818nam a2200409 a 4500 | ||
|---|---|---|---|
| 001 | 000013498 | ||
| 003 | DO-SdBNP | ||
| 005 | 20180313124313.0 | ||
| 007 | 000013498 | ||
| 008 | 150130s2012 dr ac 000 0 spa d | ||
| 020 | _a9789945173925 | ||
| 040 |
_aBPMSU _bspa _cBPMSU |
||
| 082 | 0 | 4 |
_a372.6561 _bL566e 2do. 2012 |
| 245 | 0 | 0 |
_aLengua y literatura 2 : _beducación básica / _ccolaboración Áxel Alfaro, Natalia Olivero Huffman; coordinación editorial Anna Rogero Soler ; ilustraciones Cristian Bernardini |
| 260 |
_aSanto Domingo : _bSM, _c2012. |
||
| 300 |
_a199 p. : _bil., retrs. ; _c29 cm. |
||
| 490 | 1 | _aProyecto Sé | |
| 500 | _aEste libro ha sido realizado de acuerdo al currículum vigente y ha sido sometido a la aprobación del Ministerio de Educación. | ||
| 505 | 1 |
_tMe gusta ser así -- _tPalabras mágicas -- _t¡Que viva la comprensión! -- _t¡Correo! -- _tOrgullo de mi familia -- _tPuedo vencer el miedo -- _t¡A jugar se ha dicho! -- _tTe cuento un cuento -- _tMe comunico con el mundo -- _t¡No te rindas! -- _tUna lección para aprender. |
|
| 650 | 4 |
_aESPAÑOL _xENSEÑANZA BÁSICA |
|
| 650 | 4 |
_aESPAÑOL _xEDUCACIÓN PRIMARIA |
|
| 650 | 4 |
_aEDUCACIÓN PRIMARIA _zREPÚBLICA DOMINICANA |
|
| 650 | 4 |
_aESPAÑOL _xESTUDIOS Y EJERCIOS |
|
| 650 | 4 |
_aESPAÑOL _xLIBROS DE TEXTOS |
|
| 700 | 1 | _aAlfaro, Áxel | |
| 700 | 1 | _aOlivero Huffman, Natalia | |
| 700 | 1 | _aOlivero Huffman, Natalia | |
| 700 | 1 |
_aRogero Soler, Anna _ecoord. |
|
| 700 | 1 |
_aRogero Soler, Anna, _eed. |
|
| 710 | 1 |
_aRepública Dominicana. _bMinisterio de Educación |
|
| 830 | 0 | _aProyecto Sé | |
| 910 | _aValidado. Control de calidad MFF | ||
| 942 |
_2ddc _cBK |
||
| 945 | _aRemanejado para la BNPHU / 2018 VM | ||
| 956 |
_aVMATEO _b10 _c20150805 _lBPMSU _h00151 |
||
| 956 |
_aLOPEREZ _b10 _c20161105 _lBPMSU _h00041 |
||
| 999 |
_c8061 _d8061 |
||